000 00214nam a22000857a 4500
008 170112b xxu||||| |||| 00| 0 eng d
100 _92372
_aSawhnuy.P.
245 _aScience Manuel-CCE-VI
260 _aNew Delhi
_bAPC
_c2010
999 _c5361
_d5361